000
00306nam a22001337a 4500
008
170529b xxu||||| |||| 00| 0 eng d
020
_a
9780312666941
041
_a
eng
080
_2
9TH
_a
94(100)
100
_a
16
101
_a
SHH
245
_a
A HISTORY OF WORLD SOCIETIES
_c
MCKAY,J.P
942
_2
udc
_c
BK
999
_c
14924
_d
14924